01362 2200601 4500001002100000005001500021035002000036007000300056008004100059020002200100082000800122084001400130100002300144245004900167250001000216300003300226650001500259700002100274264003100295336002100326337003000347338002300377990001200400990001200412990001200424990001200436990001200448990001200460990001200472990001200484990001200496990001200508990001200520990001200532990001200544990001200556990001200568990001200580990001200592990001200604990001200616990001200628990001200640990001200652990001200664990001200676990001200688990001200700990001200712990001200724990001200736990001200748INLIS00000000000056120250924091359 a0010-0925000084ta250924 0 ind  a978-623-522-808-2 a510 a510 KAS x0 aKasminaePengarang1 aX-Press TKA Matematika :bSMK/MAK /cKasmina acet 1 a124 halaman :bilus ;c26 cm 4aMatematika0 aToaliePengarang aJakarta :bErlangga,c2025 2rdacontentateks 2rdamediaatanpa perantara 2rdacarrieravolume a25.0546 a25.0547 a25.0548 a25.0549 a25.0550 a25.0551 a25.0552 a25.0553 a25.0554 a25.0555 a25.0556 a25.0557 a25.0558 a25.0559 a25.0560 a25.0561 a25.0562 a25.0563 a25.0564 a25.0565 a25.0566 a25.0567 a25.0568 a25.0569 a25.0570 a25.0571 a25.0572 a25.0573 a25.0574 a25.0575